Rekultivační materiály : sborník semináře 18.-19.10.2000, Modřice /

Korporativní autor: Vysoká škola chemicko-technologická v Praze
Další autoři: Halousková, Olga
Jazyk: Čeština
Vydáno: Praha : Vydavatelství VŠCHT, 2000
Vydání: 1. vyd.
Témata:
Fyzický popis: 58 s. ; 29 cm
Knihy
Uloženo v:
LEADER 01261nam a2200349 a 4500
001 000538959
003 CZ BrMZK
005 20081002122754.0
007 ta
008 010907s2000 xr f cze d
015 |a cnb000981982 
020 |a 80-7080-399-1 
035 |a (OCoLC)46962622 
040 |a BOA001  |b cze 
072 7 |a 502  |x Životní prostředí a jeho ochrana  |2 Konspekt  |9 2 
080 |a 502.174  |2 MRF 
080 |a 631.618  |2 MRF 
080 |a (062.534)  |2 MRF 
245 0 0 |a Rekultivační materiály :  |b sborník semináře 18.-19.10.2000, Modřice /  |c [editor sborníku: Olga Hanousková] 
250 |a 1. vyd. 
260 |a Praha :  |b Vydavatelství VŠCHT,  |c 2000 
300 |a 58 s. ;  |c 29 cm 
500 |a Bibliogr. 
500 |a Název z obálky 
650 0 7 |a rekultivace  |7 ph125100  |2 czenas 
655 7 |a sborníky konferencí  |7 fd133333  |2 czenas 
700 1 |a Halousková, Olga  |7 jn20001103461  |4 edt 
710 2 |a Vysoká škola chemicko-technologická v Praze  |7 kn20010710384 
910 |a BOA001  |b 4-1078.771 
990 |a BK 
996 6 |b 2610124255  |c 4-1078.771  |l MZK  |r Sklad / do 1 hodiny  |n 10  |p p.v.  |w 000538959  |u 000010  |a 1  |e BOA001  |j MZK50  |s P 
996 7 |b 2610133181  |c 4-1078.771  |l MZK  |r Sklad / do 1 hodiny  |n 21  |p p.v.  |w 000538959  |u 000020  |a 1  |e BOA001  |j MZK50  |s A